Manželské zákony a nariadenia

Bibliographic Details
Main Authors: Halla, Jozef (Author), Kaiser, František (Author)
Format: Book
Language:Slovak
PhysicalDescription:107, [1] s. 8°
Published: Bratislava n. vl. 1922
Subjects:

MARC

LEADER 00000nam a2200000 a 4500
001 vtls001469982
003 SK-MaSNL
005 20260301224945.0
008 240315s1922 xo 0 slo
015 |a SNBA19191938-003174 
035 |a SNK000425287 
040 |a SNK  |b slo  |c SNK  |e AACR2 
041 0 |a slo 
044 |a xo  |c SK 
080 |a 35  |2 1981 
100 1 |a Halla, Jozef  |4 aut  |9 617864 
245 1 |a Manželské zákony a nariadenia  |c uprav.: J[ozef] Halla a F. Kaiser 
260 |a Bratislava  |b n. vl.  |c 1922  |e Kyjov  |f Prvá česká kníhtlač. 
300 |a 107, [1] s.  |c 8° 
650 0 7 |a manželstvo  |2 SNKPH  |9 659 
655 7 |a zákony  |2 SNKPH  |9 70186 
655 7 |a nariadenia  |2 SNKPH  |9 70672 
700 1 |a Kaiser, František  |4 aut  |9 388880 
958 |a OND 
958 |a RK 
958 |a TL 
999 |c 949160  |d 951090 
952 |t P60, <03>, [BOOK], {603}  |a SNK  |b SNK  |y PREZ  |7 0  |p 17A0416841  |o snkSD 9759  |i snk4719/55  |0 0  |1 0  |4 0  |d 2004-03-02  |l 0  |r 2025-11-24 00:00:00  |w 2026-02-24 
952 |a SNK  |b SNK  |y VYP  |7 0  |p 17A0698973  |o snkSD 9759 D1  |i snkF 1763/85  |8 5  |0 0  |1 0  |4 0  |d 2011-06-30  |l 0  |r 2026-02-24 09:43:45  |w 2026-02-24